Logistics & Supply Chain Management (Record no. 4372)
[ view plain ]
| 005 - DATE AND TIME OF LATEST TRANSACTION | |
|---|---|
| control field | 20250619084106.0 |
| 020 ## - INTERNATIONAL STANDARD BOOK NUMBER | |
| International Standard Book Number | 978-0-273-73112-2 |
| 082 ## - DEWEY DECIMAL CLASSIFICATION NUMBER | |
| Classification number | 658CHR |
| 100 ## - MAIN ENTRY--PERSONAL NAME | |
| Author name | CHRISTOPHER. M |
| 245 ## - TITLE STATEMENT | |
| Title | Logistics & Supply Chain Management |
| 250 ## - EDITION STATEMENT | |
| Edition statement | 4th Ed, |
| 260 ## - PUBLICATION, DISTRIBUTION, ETC. | |
| Place of publication, distribution, etc. | New York |
| Name of publisher, distributor, etc. | Christopher. M, |
| Date of publication, distribution, etc. | 1992. |
| 300 ## - PHYSICAL DESCRIPTION | |
| Extent | xii, 276p,; ill, table, figure |
| Other physical details | Index, |
| Dimensions | 24cm |
| 942 ## - ADDED ENTRY ELEMENTS (KOHA) | |
| Source of classification or shelving scheme | Dewey Decimal Classification |
| Koha item type | Books |
| Date last seen | Total checkouts | Full call number | Barcode | Cost, replacement price | Price effective from | Koha item type | Lost status | Source of classification or shelving scheme | Damaged status | Not for loan | Withdrawn status | Home library | Current library | Shelving location | Date acquired | Cost, normal purchase price |
|---|---|---|---|---|---|---|---|---|---|---|---|---|---|---|---|---|
| 06/19/2025 | 658CHR | DOM0001835 | 999999.99 | 06/19/2025 | Books | Dewey Decimal Classification | CBE Dodoma | CBE Dodoma | Special Reserve Collection | 10/24/2017 | 37500.00 | |||||
| 06/19/2025 | 658CHR | DOM0003731 | 999999.99 | 06/19/2025 | Books | Dewey Decimal Classification | CBE Dodoma | CBE Dodoma | Special Reserve Collection | 10/24/2017 | 37500.00 | |||||
| 06/19/2025 | 658CHR | DOM0003729 | 999999.99 | 06/19/2025 | Books | Dewey Decimal Classification | CBE Dodoma | CBE Dodoma | Special Reserve Collection | 10/24/2017 | 37500.00 | |||||
| 06/19/2025 | 658CHR | DOM0003730 | 999999.99 | 06/19/2025 | Books | Dewey Decimal Classification | CBE Dodoma | CBE Dodoma | Special Reserve Collection | 10/24/2017 | 37500.00 |
